Generación de un banco de pruebas para la CPUCRV3
Guardado en:
| Hovedforfatter: | |
|---|---|
| Format: | Bog |
| Udgivet: |
[San José, Costa Rica]
2008
|
| Fag: | |
| Tags: |
Tilføj Tag
Ingen Tags, Vær først til at tagge denne postø!
|
MARC
| LEADER | 00000nam a2200000Ia 4500 | ||
|---|---|---|---|
| 003 | 001349 | ||
| 005 | 20221231144050.0 | ||
| 008 | 140114s2008 cr a 000 ||s d | ||
| 040 | |c cru CEDI | ||
| 090 | |a TFG 5872 | ||
| 100 | |a Chinchilla Gutiérrez, Sebastián |9 806 | ||
| 245 | |a Generación de un banco de pruebas para la CPUCRV3 | ||
| 260 | |c 2008 |b [San José, Costa Rica] | ||
| 300 | |a xi, 224 hojas; ilustraciones | ||
| 500 | |a Proyecto de graduación (bachiller en ingeniería eléctrica)--Universidad de Costa Rica. Facultad de Ingeniería. Escuela de Ingeniería Eléctrica | ||
| 650 | |x CPUCR (MICROPROCESADOR) |x MICROPROCESADORES |x DISEÑO Y CONSTRUCCION |x PRUEBAS |9 3823 | ||
| 942 | |c TFG | ||
| 999 | |c 16363 |d 16363 | ||
